00282nam a22000977a 4500008004100000082001600041100000800057245008900065260002200154300000800176230621b xxu||||| |||| 00| 0 eng d a328.30bCPA cCPA a1st Commonwealth Parliamentary Conference of Members from Small CountriesbFiji 1981 aLondonbCPAc1981 a80p